000 00301nam a22001337a 4500
020 _a9788120349322
082 _a621.3822 NAV
100 _aNavas, K.A.
245 _aLAB primer through MATLAB
260 _aNew Delhi
_bPHI learning
_c2014
300 _a345 p.
700 _a K.A.Navas
942 _cBK
999 _c490577
_d490577